| 000 | 00537nam a2200217 4500 | ||
|---|---|---|---|
| 001 | 4547 | ||
| 010 | _a9789724081953 | ||
| 021 | _b461293/19 | ||
| 090 | _a4547 | ||
| 100 | _a20240408d u||y0pory50 ba | ||
| 200 |
_aCódigo civil _eCódigo de processo civil |
||
| 205 | _a7ª ed. | ||
| 210 |
_aCoimbra _cAlmedina _d2019 |
||
| 215 | _a823 p. | ||
| 225 | _aLei e processo | ||
| 606 |
_94426 _aDireito |
||
| 606 |
_94427 _aLegislação |
||
| 675 |
_a347 _vBN _zpor |
||
| 801 |
_aPT _bBMVN _gRPC |
||
| 830 |
_cTânia Croca _d08/04/2024 |
||
| 990 | _cLIVROS | ||